<?xml version="1.0" encoding="UTF-8"?><record xmlns="http://www.loc.gov/MARC21/slim" xmlns:zs="http://docs.oasis-open.org/ns/search-ws/sruResponse">
  <leader>02897cas a2200589 a 4500</leader>
  <controlfield tag="001">11280185</controlfield>
  <controlfield tag="005">20250606171224.5</controlfield>
  <controlfield tag="008">780719d18491861aludr ne      0   a0eng  </controlfield>
  <datafield ind1=" " ind2=" " tag="035">
    <subfield code="a">11280185</subfield>
  </datafield>
  <datafield ind1=" " ind2=" " tag="906">
    <subfield code="a">7</subfield>
    <subfield code="b">cbc</subfield>
    <subfield code="c">serials</subfield>
    <subfield code="d">u</subfield>
    <subfield code="e">ncip</subfield>
    <subfield code="f">19</subfield>
    <subfield code="g">n-oclcserc</subfield>
  </datafield>
  <datafield ind1=" " ind2=" " tag="955">
    <subfield code="a">db08 01-27-00; to Ser 02-03-00</subfield>
  </datafield>
  <datafield ind1=" " ind2=" " tag="955">
    <subfield code="a">LCAP batch update 2025-06-01-04:00: LCAPM-893</subfield>
  </datafield>
  <datafield ind1=" " ind2=" " tag="010">
    <subfield code="a">sn 84020567 </subfield>
    <subfield code="z">   76642529 </subfield>
  </datafield>
  <datafield ind1=" " ind2=" " tag="035">
    <subfield code="a">(OCoLC)4066337</subfield>
  </datafield>
  <datafield ind1=" " ind2=" " tag="040">
    <subfield code="a">DLC</subfield>
    <subfield code="b">eng</subfield>
    <subfield code="c">DLC</subfield>
    <subfield code="d">NPX</subfield>
    <subfield code="d">DLC</subfield>
    <subfield code="d">CPN</subfield>
    <subfield code="d">NYS</subfield>
    <subfield code="d">YOX</subfield>
    <subfield code="d">NYS</subfield>
    <subfield code="d">CNK</subfield>
    <subfield code="d">CNW</subfield>
    <subfield code="d">NVK</subfield>
    <subfield code="d">FUG</subfield>
    <subfield code="d">NVF</subfield>
    <subfield code="d">OCL</subfield>
    <subfield code="d">NVF</subfield>
    <subfield code="d">OCLCG</subfield>
    <subfield code="d">CUI</subfield>
    <subfield code="d">OCLCQ</subfield>
    <subfield code="d">OCLCF</subfield>
    <subfield code="d">OCLCQ</subfield>
    <subfield code="d">DLC</subfield>
    <subfield code="d">OCLCO</subfield>
    <subfield code="d">OCLCL</subfield>
  </datafield>
  <datafield ind1=" " ind2=" " tag="042">
    <subfield code="a">pcc</subfield>
  </datafield>
  <datafield ind1=" " ind2=" " tag="043">
    <subfield code="a">n-us-al</subfield>
  </datafield>
  <datafield ind1="0" ind2="0" tag="050">
    <subfield code="a">Newspaper 7024</subfield>
  </datafield>
  <datafield ind1=" " ind2="4" tag="050">
    <subfield code="a">AN</subfield>
  </datafield>
  <datafield ind1="0" ind2=" " tag="130">
    <subfield code="a">Mobile daily register (Mobile, Ala. : 1849)</subfield>
  </datafield>
  <datafield ind1="1" ind2="4" tag="245">
    <subfield code="a">The Mobile daily register.</subfield>
  </datafield>
  <datafield ind1="1" ind2="3" tag="246">
    <subfield code="a">Mobile register</subfield>
    <subfield code="f">&lt;July 7, 1859-June 29, 1860&gt;</subfield>
  </datafield>
  <datafield ind1=" " ind2=" " tag="260">
    <subfield code="a">[Mobile, Ala.] :</subfield>
    <subfield code="b">T. Sanford, C.A. Sanford, C.M. Sanford,</subfield>
    <subfield code="c">1849-</subfield>
  </datafield>
  <datafield ind1=" " ind2=" " tag="300">
    <subfield code="a">volumes</subfield>
  </datafield>
  <datafield ind1=" " ind2=" " tag="310">
    <subfield code="a">Daily (except Monday),</subfield>
    <subfield code="b">&lt;Feb. 17, 1859-June 29, 1860&gt;</subfield>
  </datafield>
  <datafield ind1=" " ind2=" " tag="321">
    <subfield code="a">Daily,</subfield>
    <subfield code="b">1849-&lt;&gt;</subfield>
  </datafield>
  <datafield ind1=" " ind2=" " tag="336">
    <subfield code="a">text</subfield>
    <subfield code="b">txt</subfield>
    <subfield code="2">rdacontent</subfield>
  </datafield>
  <datafield ind1=" " ind2=" " tag="337">
    <subfield code="a">unmediated</subfield>
    <subfield code="b">n</subfield>
    <subfield code="2">rdamedia</subfield>
  </datafield>
  <datafield ind1=" " ind2=" " tag="338">
    <subfield code="a">volume</subfield>
    <subfield code="b">nc</subfield>
    <subfield code="2">rdacarrier</subfield>
  </datafield>
  <datafield ind1="0" ind2=" " tag="362">
    <subfield code="a">Vol. 28, no. 6495 (Dec. 4, 1849)-</subfield>
  </datafield>
  <datafield ind1="1" ind2=" " tag="362">
    <subfield code="a">Ceased in 1861.</subfield>
  </datafield>
  <datafield ind1=" " ind2=" " tag="500">
    <subfield code="a">Editor: J. Forsyth.</subfield>
  </datafield>
  <datafield ind1=" " ind2=" " tag="515">
    <subfield code="a">Issues for &lt;Sept. 9, 1855-June 29, 1860&gt; called &lt;new ser., v. 2, no. 313-new ser., v. 6, no. 1769&gt;</subfield>
  </datafield>
  <datafield ind1=" " ind2=" " tag="530">
    <subfield code="a">Also avalable on microfilm from the University of Alabama; Bell &amp; Howell, Micro Photo Div.</subfield>
  </datafield>
  <datafield ind1=" " ind2=" " tag="580">
    <subfield code="a">Weekly ed.: Mobile weekly register (Mobile, Ala. : 1855), &lt;1855&gt;-1861.</subfield>
  </datafield>
  <datafield ind1=" " ind2=" " tag="580">
    <subfield code="a">Triweekly ed.: Mobile tri-weekly register, &lt;1860&gt;.</subfield>
  </datafield>
  <datafield ind1=" " ind2="0" tag="651">
    <subfield code="a">Mobile (Ala.)</subfield>
    <subfield code="v">Newspapers.</subfield>
  </datafield>
  <datafield ind1=" " ind2="0" tag="651">
    <subfield code="a">Mobile County (Ala.)</subfield>
    <subfield code="v">Newspapers.</subfield>
  </datafield>
  <datafield ind1=" " ind2="7" tag="651">
    <subfield code="a">Alabama</subfield>
    <subfield code="z">Mobile.</subfield>
    <subfield code="2">fast</subfield>
    <subfield code="0">(OCoLC)fst01206367</subfield>
    <subfield code="1">https://id.oclc.org/worldcat/entity/E39PBJhdffJ99GJXRJ6wwpMwYP</subfield>
  </datafield>
  <datafield ind1=" " ind2="7" tag="651">
    <subfield code="a">Alabama</subfield>
    <subfield code="z">Mobile County.</subfield>
    <subfield code="2">fast</subfield>
    <subfield code="0">(OCoLC)fst01211225</subfield>
    <subfield code="1">https://id.oclc.org/worldcat/entity/E39PBJv8GxY3WHw6kqjCX8Pfbd</subfield>
  </datafield>
  <datafield ind1=" " ind2="7" tag="655">
    <subfield code="a">Newspapers.</subfield>
    <subfield code="2">fast</subfield>
    <subfield code="0">(OCoLC)fst01423814</subfield>
  </datafield>
  <datafield ind1=" " ind2="7" tag="655">
    <subfield code="a">Newspapers.</subfield>
    <subfield code="2">lcgft</subfield>
    <subfield code="0">https://id.loc.gov/authorities/genreForms/gf2014026132</subfield>
  </datafield>
  <datafield ind1="1" ind2=" " tag="700">
    <subfield code="a">Forsyth, John,</subfield>
    <subfield code="d">1812-1877.</subfield>
    <subfield code="1">https://id.oclc.org/worldcat/entity/E39PBJxRy8XfQ8HXHWyBCQfTHC</subfield>
  </datafield>
  <datafield ind1=" " ind2=" " tag="752">
    <subfield code="a">United States</subfield>
    <subfield code="b">Alabama</subfield>
    <subfield code="c">Mobile</subfield>
    <subfield code="d">Mobile.</subfield>
  </datafield>
  <datafield ind1="1" ind2=" " tag="775">
    <subfield code="t">Mobile weekly register (Mobile, Ala. : 1855)</subfield>
    <subfield code="w">(DLC)sn 85025916</subfield>
    <subfield code="w">(OCoLC)2627957</subfield>
  </datafield>
  <datafield ind1="1" ind2=" " tag="775">
    <subfield code="t">Mobile tri-weekly register</subfield>
    <subfield code="w">(DLC)sn 89050036</subfield>
    <subfield code="w">(OCoLC)20571631</subfield>
  </datafield>
  <datafield ind1="0" ind2="8" tag="776">
    <subfield code="i">Online version:</subfield>
    <subfield code="t">Mobile daily register (Mobile, Ala. : 1849 : Online)</subfield>
    <subfield code="w">(OCoLC)192107410</subfield>
  </datafield>
  <datafield ind1="0" ind2="0" tag="780">
    <subfield code="t">Mobile register and journal (Mobile, Ala. : 1841)</subfield>
    <subfield code="x">2692-6431</subfield>
    <subfield code="w">(DLC)sn 84020566</subfield>
    <subfield code="w">(OCoLC)2626841</subfield>
  </datafield>
  <datafield ind1="0" ind2="7" tag="785">
    <subfield code="t">Mobile daily advertiser</subfield>
    <subfield code="w">(DLC)sn 85025915</subfield>
    <subfield code="w">(OCoLC)2627328</subfield>
  </datafield>
  <datafield ind1="0" ind2="7" tag="785">
    <subfield code="t">Mobile advertiser and register</subfield>
    <subfield code="w">(DLC)sn 84020066</subfield>
    <subfield code="w">(OCoLC)2704321</subfield>
  </datafield>
  <datafield ind1=" " ind2=" " tag="984">
    <subfield code="a">ncf</subfield>
    <subfield code="b">microfilm holdings</subfield>
  </datafield>
  <datafield ind1=" " ind2=" " tag="991">
    <subfield code="b">c-Ser</subfield>
    <subfield code="h">Newspaper</subfield>
    <subfield code="w">SERIALS</subfield>
  </datafield>
</record>
